Bilecik Bilecik Bilecik Bilecik Bilecik

Demokrasi ve demokrasi düşüncesinin gelişmesi/ (Record no. 3697)

MARC details
000 -BAŞLIK
Sabit Uzunluktaki Kontrol Alanı 01297nam a22003377a 4500
001 - KONTROL NUMARASI
Control Dosyası 0003713
003 - KONTROL NUMARASI KİMLİĞİ
Kontrol Alanı KOHA_MİRAKIL
005 - EN SON İŞLEM TARİHİ ve ZAMANI
Kontrol Alanı 20260207001345.0
007 - FİZİKSEL TANIM SABİT ALAN - GENEL BİLGİ
Sabit uzunluklu kontrol alanı ta
008 - SABİT UZUNLUKTAKİ VERİ ÖGELERİ - GENEL BİLGİ
Sabit Alan 090415b1998 tu |||gr||||#||||0|tur |
020 ## - ISBN - ULUSLARARASI STANDART KİTAP NUMARASI
Isbn 9757669628
Kullanılabilirlik koşulları 0,01
040 ## - KATALOGLAMA KAYNAĞI
Özgün Kataloglama Kurumu TR-BiSEU
Kataloglama Dili tur
Çeviri Kurumu TR-BiSEU
Açıklama Kuralları rda
041 0# - DİL KODU
Metin ya da ses kaydının dil kodu tur
044 ## - YAYINLAYAN/ÜRETEN KURULUŞUN ÜLKE KODU
ISO country code tu
050 ## - SINIFLAMA ve YER NUMARASI
Sınıflama Numarası JC421
Yer Numarası .S29 1998
100 1# - KİŞİ ADI
Yazar Adı (Kişi adı) Şaylan, Gencay.
245 1# - ESER ADI BİLDİRİMİ
Başlık Demokrasi ve demokrasi düşüncesinin gelişmesi/
Sorumluluk Bildirimi Gencay Şaylan ; Gencay Şaylan.
264 #1 - ÜRERİM, YAYIN, DAĞITIM ve TELİF BİLDİRİMİ
Yayın yeri İstanbul :
Yayınlayan Türkiye ve Orta Doğu Amme İdaresi Enstitüsü İnsan Hakları Araştırma ve Derleme Merkezi, 1998
Yayın tarihi 1998
300 ## - FİZİKSEL TANIMLAMA
Sayfa, Cilt vb. 102 sayfa
336 ## - İÇERİK TÜRÜ
Content type term metin
Content type code txt
Source rdacontent
337 ## - MEDYA TÜRÜ
Media type term aracısız
Media type code n
Source rdamedia
338 ## - TAŞIYICI TÜRÜ
Carrier type term cilt
Carrier type code nc
Source rdacarrier
490 1# - DİZİ BİLDİRİMİ
Dizi Bildirimi Türkiye ve Orta Doğu Amme İdaresi Enstitüsü ;
Cilt Numarası 282.
490 1# - DİZİ BİLDİRİMİ
Dizi Bildirimi İnsan Hakları Araştırma ve Derleme Merkezi ;
Cilt Numarası 14.
490 1# - DİZİ BİLDİRİMİ
Dizi Bildirimi İnsan Hakları ve demokrasi eğitimi elkitapları dizisi ;
Cilt Numarası 5.
650 #0 - KONU BAŞLIĞI EK GİRİŞ - KONU TERİMİ
Konusal terim veya coğrafi ad Demokrasi--Türkiye.
9 (RLIN) 6919
830 1# - SERİ EK GİRİŞİ - TEKBİÇİM ESER ADI
Tekbiçim Başlık Türkiye ve Orta Doğu Amme İdaresi Enstitüsü ;
Volume number/sequential designation 282.
9 (RLIN) 9031
830 1# - SERİ EK GİRİŞİ - TEKBİÇİM ESER ADI
Tekbiçim Başlık İnsan Hakları Araştırma ve Derleme Merkezi ;
Volume number/sequential designation 14.
9 (RLIN) 9032
830 1# - SERİ EK GİRİŞİ - TEKBİÇİM ESER ADI
Tekbiçim Başlık İnsan Hakları ve demokrasi eğitimi elkitapları dizisi ;
Volume number/sequential designation 5.
9 (RLIN) 9033
942 ## - EK GİRİŞ ÖGELERİ (KOHA)
Source of classification or shelving scheme Library of Congress Classification
Koha item type Book
Holdings
Materyal Türü Kalıcı Konum Mevcut Konum Raf Yeri Sınıflandırma Kaynağı Edinim Bilgisi Ana Konular Alt Konular Yer Numarası Demirbaş Numarası Fatura Tarihi Geri Çekilme Durumu Kayıp Durumu Hasarlı Durumu Kredi için değil Kayıt Tarih Toplam Ödünçverme Son Görülme Tarihi Son Kontrol Tarihi Genel / Bağış Notu
Book Prof. Dr. Azmi Özcan Kütüphanesi Prof. Dr. Azmi Özcan Kütüphanesi Uluğbey Salonu Library of Congress Classification Bağış SİYASET BİLİMİ Siyaset Teorisi JC421 .S29 1998 0003713 13/08/2010         15/04/2009 3 05/12/2024 05/12/2024 İİBF